<The> Role of the inflation expectations in new EU member states: consumer survey based results

Saved in:
Bibliographic Details
Main Author: Benkovskis, Konstantins
Format: Book Chapter
Language:English
Subjects:
Tags: Add Tag
No Tags, Be the first to tag this record!

MARC

LEADER 00000naa$a2200000$$$4500
001 0092533
005 20231010112239.1
041 0 |a eng 
044 |a CZ 
245 1 0 |a <The> Role of the inflation expectations in new EU member states: consumer survey based results  |c Konstantins Benkovskis 
610 2 0 |a inflácia 
610 2 0 |a Európska únia 
610 2 0 |a spotrebitelia 
610 2 0 |a modely 
610 2 0 |a údaje štatistické 
610 2 0 |a stredná Európa 
100 1 |a Benkovskis, Konstantins